Two-story house plans bible / (Record no. 10774)

MARC details
000 -LEADER
fixed length control field 01354cam a22003617a 4500
001 - CONTROL NUMBER
control field 14538245
005 - DATE AND TIME OF LATEST TRANSACTION
control field 20071129171546.0
008 - FIXED-LENGTH DATA ELEMENTS--GENERAL INFORMATION
fixed length control field 060907s2007 njua 001 0 eng d
010 ## - LIBRARY OF CONGRESS CONTROL NUMBER
LC control number 2006934226
015 ## - NATIONAL BIBLIOGRAPHY NUMBER
National bibliography number GBA728950
Source bnb
016 7# - NATIONAL BIBLIOGRAPHIC AGENCY CONTROL NUMBER
Record control number 013716045
Source Uk
020 ## - INTERNATIONAL STANDARD BOOK NUMBER
International Standard Book Number 1580113389 (pbk.)
020 ## - INTERNATIONAL STANDARD BOOK NUMBER
International Standard Book Number 9781580113380 (pbk.)
035 ## - SYSTEM CONTROL NUMBER
System control number (OCoLC)ocm85893245
040 ## - CATALOGING SOURCE
Original cataloging agency AMP
Transcribing agency AMP
Modifying agency IK2
-- BAKER
-- UKM
-- BTCTA
-- DLC
042 ## - AUTHENTICATION CODE
Authentication code lccopycat
043 ## - GEOGRAPHIC AREA CODE
Geographic area code n-us---
050 00 - LIBRARY OF CONGRESS CALL NUMBER
Classification number NA7205
Item number .T89 2007
082 04 - DEWEY DECIMAL CLASSIFICATION NUMBER
Classification number 728.3720222
Edition number 22
Item number STO
245 00 - TITLE STATEMENT
Title Two-story house plans bible /
Statement of responsibility, etc Creative Homeowner.
246 1# - VARYING FORM OF TITLE
Display text At head of title:
Title proper/short title Creative Homeowner
260 ## - PUBLICATION, DISTRIBUTION, ETC. (IMPRINT)
Place of publication, distribution, etc Upper Saddle River, NJ :
Name of publisher, distributor, etc Creative Homeowner,
Date of publication, distribution, etc c2007.
300 ## - PHYSICAL DESCRIPTION
Extent 384 p. :
Other physical details ill. (some col.) ;
Dimensions 27 cm.
500 ## - GENERAL NOTE
General note "Over 450 home plans in full color"--Cover.
500 ## - GENERAL NOTE
General note Includes index.
650 #0 - SUBJECT ADDED ENTRY--TOPICAL TERM
Topical term or geographic name as entry element Two-story houses
Geographic subdivision United States
Form subdivision Designs and plans.
650 #0 - SUBJECT ADDED ENTRY--TOPICAL TERM
Topical term or geographic name as entry element Architecture, Domestic
Form subdivision Designs and plans.
710 2# - ADDED ENTRY--CORPORATE NAME
Corporate name or jurisdiction name as entry element Creative Homeowner Press.
942 ## - ADDED ENTRY ELEMENTS (KOHA)
Source of classification or shelving scheme Dewey Decimal Classification
Item type Book - Borrowing
Holdings
Withdrawn status Item status Source of classification or shelving scheme Damaged status Not for loan Vendor Home library Current library Shelving location Date acquired Source of acquisition Cost, normal purchase price Serial Enumeration / chronology Total Checkouts Total Renewals Full call number Barcode Checked out Date last seen Date last borrowed Koha item type
    Dewey Decimal Classification     Alahram Central Library Central Library Second Floor 09/02/2009   97.10 6478 4 2 728.3720222 STO 000014764 21/02/2022 14/02/2022 14/02/2022 Book - Borrowing